The third wave / (Record no. 345307)

000 -LEADER
fixed length control field 00585 a2200181 4500
020 ## - INTERNATIONAL STANDARD BOOK NUMBER
International Standard Book Number 0553246984
020 ## - INTERNATIONAL STANDARD BOOK NUMBER
International Standard Book Number 9780553246988
082 04 - DEWEY DECIMAL CLASSIFICATION NUMBER
Classification number 303.4
090 ## - LOCALLY ASSIGNED LC-TYPE CALL NUMBER (OCLC); LOCAL CALL NUMBER (RLIN)
-- 2817
-- 2817
100 1# - MAIN ENTRY--PERSONAL NAME
Personal name Toffler, Alvin.
245 14 - TITLE STATEMENT
Title The third wave /
Statement of responsibility, etc. Alvin Toffler.
260 ## - PUBLICATION, DISTRIBUTION, ETC.
Place of publication, distribution, etc. [S.l.] :
Name of publisher, distributor, etc. Bantam,
Date of publication, distribution, etc. 1984.
300 ## - PHYSICAL DESCRIPTION
Extent 560 p. ;
Dimensions 18 cm.
500 ## - GENERAL NOTE
General note Mass Market Paperback.
856 40 - ELECTRONIC LOCATION AND ACCESS
Materials specified Amazon.com
Uniform Resource Identifier <a href="http://www.amazon.com/exec/obidos/ASIN/0553246984/chopaconline-20">http://www.amazon.com/exec/obidos/ASIN/0553246984/chopaconline-20</a>
856 40 - ELECTRONIC LOCATION AND ACCESS
Materials specified Amazon customer reviews
Uniform Resource Identifier <a href="http://www.chopac.org/cgi-bin/tools/azrev.pl?q=0553246984">http://www.chopac.org/cgi-bin/tools/azrev.pl?q=0553246984</a>
942 ## - ADDED ENTRY ELEMENTS (KOHA)
Institution code [OBSOLETE] NBS
Koha item type Book
Call number prefix 303.4 TOF
Holdings
Withdrawn status Lost status Damaged status Not for loan Permanent Location Current Location Date acquired Total Checkouts Full call number Barcode Date last seen Date last checked out Price effective from Koha item type Source of classification or shelving scheme Public note
        Central Library (CL) Central Library (CL) 08/28/2013 1 303.4 TOF NBS7533 11/22/2017 07/20/2017 08/28/2013 Book    
        Central Library (CL) Central Library (CL) 08/28/2013 1 303.4 TOF NBS7537 06/15/2023 07/20/2017 08/28/2013 Book    
        Central Library (CL) Central Library (CL) 08/28/2013 1 303.4 TOF NBS7536 11/22/2017 07/20/2017 08/28/2013 Book    
  Write Off     Central Library (CL) Central Library (CL) 08/28/2013   303.4 TOF NBS6853 08/28/2013   08/28/2013 Book   Write off File No.0908/IRC/NBS Dated Aug 16, 2018
        Central Library (CL) Central Library (CL) 08/28/2013 1 303.4 TOF NBS7540 11/22/2017 07/20/2017 08/28/2013 Book    
        Central Library (CL) Central Library (CL) 08/28/2013 1 303.4 TOF NBS7535 07/04/2025 09/25/2014 08/28/2013 Book    
        Central Library (CL) Central Library (CL) 08/28/2013 1 303.4 TOF NBS7538 11/22/2017 07/20/2017 08/28/2013 Book    
© 2023 Central Library, National University of Sciences and Technology. All Rights Reserved.